[Event "Alsace-Baden m"]
[Site "Gambsheim"]
[Date "2011.09.18"]
[Round "?"]
[White "Riehle, Marco"]
[Black "Boullu, Thomas"]
[Result "1/2-1/2"]
[WhiteElo "1753"]
[BlackElo "1897"]
[PlyCount "31"]
[EventDate "2011.09.18"]
[EventType "team-match"]
[EventRounds "1"]
[EventCountry "FRA"]
[SourceTitle "CBM 144 Extra"]
[Source "ChessBase"]
[SourceDate "2011.10.28"]
[SourceVersion "1"]
[SourceVersionDate "2011.10.28"]
[SourceQuality "1"]
[WhiteTeam "Baden"]
[BlackTeam "Alsace"]
[WhiteTeamCountry "GER"]
[BlackTeamCountry "FRA"]

1. e4 e6 2. d4 d5 3. Nd2 Nf6 4. Bd3 c5 5. e5 Nfd7 6. c3 Nc6 7. Ngf3 cxd4 8. cxd4 Qb6 9. 0-0 Nxd4 10. Nxd4 Qxd4 11. Nf3 Qb6 12. Qa4 Qb4 13. Qc2 Qc5 14. Qa4 Qb4 15. Qc2 Qc5 16. Qa4 1/2-1/2

[Event "FRA-chT2 East 0809"]
[Site "France"]
[Date "2009.01.18"]
[Round "6.6"]
[White "Boullu, Thomas"]
[Black "Krauss, Bernard"]
[Result "1-0"]
[WhiteElo "1982"]
[BlackElo "1916"]
[PlyCount "45"]
[EventDate "2008.10.19"]
[EventType "team-tourn"]
[EventRounds "11"]
[EventCountry "FRA"]
[SourceTitle "EXT 2010"]
[Source "ChessBase"]
[SourceDate "2010.11.25"]
[SourceVersion "1"]
[SourceVersionDate "2010.11.25"]
[SourceQuality "1"]
[WhiteTeam "Strasbourg II"]
[BlackTeam "Obernai"]
[WhiteTeamCountry "FRA"]
[BlackTeamCountry "FRA"]

1. e4 c5 2. Nc3 Nc6 3. g3 d6 4. Bg2 Nf6 5. d3 e6 6. h3 Be7 7. f4 0-0 8. Nf3 d5 9. e5 Nh5 10. Kf2 g6 11. Re1 f6 12. g4 Ng7 13. Kg1 fxe5 14. fxe5 Bd7 15. Bh6 Bh4 16. Nxh4 Qxh4 17. Qd2 Rf2 18. Qxf2 Qxh6 19. Qg3 Qg5 20. h4 Qe7 21. Rf1 Nd4 22. Rf2 b5 23. Nxd5 1-0

[Event "FRA-chT3 Gr14 0607"]
[Site "France"]
[Date "2007.04.01"]
[Round "9.4"]
[White "Martin, Cedric"]
[Black "Boullu, Thomas"]
[Result "1-0"]
[WhiteElo "2028"]
[BlackElo "1968"]
[PlyCount "65"]
[EventDate "2006.10.15"]
[EventType "team"]
[EventRounds "9"]
[EventCountry "FRA"]
[SourceTitle "EXT 2008"]
[Source "ChessBase"]
[SourceDate "2007.11.25"]
[SourceVersion "1"]
[SourceVersionDate "2007.11.25"]
[SourceQuality "1"]

1. e4 e6 2. d4 d5 3. Nd2 Nf6 4. e5 Nfd7 5. f4 c5 6. c3 Nc6 7. Ndf3 cxd4 8. cxd4 Be7 9. h4 f6 10. Bd3 a5 11. Ne2 a4 12. a3 f5 13. Nc3 Qb6 14. Bc2 0-0 15. h5 Qa6 16. Bxa4 Nb6 17. Bc2 Nb4 18. Bb1 Bd7 19. b3 Bb5 20. Nxb5 Qxb5 21. Bc2 Na6 22. Bd3 Qd7 23. Nh4 Bxh4+ 24. Rxh4 Qe7 25. Rh2 Qf7 26. Qf3 Rac8 27. Ke2 Nb8 28. Rh1 Nc6 29. g4 fxg4 30. Qxg4 Kh8 31. f5 Nd8 32. h6 gxh6 33. Rxh6 1-0

[Event "Montebelluna op-A 5th"]
[Site "Montebelluna"]
[Date "2007.03.11"]
[Round "4"]
[White "Brun, Dario"]
[Black "Boullu, Thomas"]
[Result "1-0"]
[WhiteElo "2128"]
[BlackElo "1958"]
[PlyCount "47"]
[EventDate "2007.03.09"]
[EventType "swiss"]
[EventRounds "5"]
[EventCountry "ITA"]
[SourceTitle "EXT 2008"]
[Source "ChessBase"]
[SourceDate "2007.11.25"]
[SourceVersion "1"]
[SourceVersionDate "2007.11.25"]
[SourceQuality "1"]

1. d4 Nf6 2. c4 c5 3. d5 b5 4. cxb5 a6 5. Nc3 axb5 6. e4 b4 7. Nb5 d6 8. Bf4 g5 9. Be3 Nxe4 10. Bd3 Nf6 11. Bxg5 Bg7 12. Ne2 Nbd7 13. Ng3 Ne5 14. Be2 0-0 15. Qd2 Re8 16. a4 bxa3 17. Rxa3 Rxa3 18. bxa3 e6 19. Nh5 exd5 20. Nc7 Qxc7 21. Bxf6 Bxf6 22. Nxf6+ Kf8 23. Qh6+ Ke7 24. Nxd5+ 1-0

[Event "Budapest FS08 FM-C"]
[Site "Budapest"]
[Date "2005.08.14"]
[Round "9"]
[White "Boullu, Thomas"]
[Black "Babas, Vagelis"]
[Result "1/2-1/2"]
[WhiteElo "1992"]
[BlackElo "1928"]
[PlyCount "62"]
[EventDate "2005.08.06"]
[EventType "tourn"]
[EventRounds "11"]
[EventCountry "HUN"]
[SourceTitle "CBM 107 Extra"]
[Source "ChessBase"]
[SourceDate "2005.09.01"]
[SourceVersion "1"]
[SourceVersionDate "2005.09.01"]
[SourceQuality "1"]

1. e4 e5 2. f4 d5 3. exd5 exf4 4. Nf3 Qxd5 5. Nc3 Qe6+ 6. Be2 Nf6 7. 0-0 Qb6+ 8. d4 Be6 9. Re1 Nc6 10. Na4 Qa5 11. c3 b5 12. b4 Nxb4 13. cxb4 Bxb4 14. Nc5 Bxe1 15. Nxe6 fxe6 16. Qxe1 Qxe1+ 17. Nxe1 0-0-0 18. Nf3 Nd5 19. Bxb5 Rd6 20. Bc4 Ne3 21. Bxe3 fxe3 22. Re1 Kd7 23. Rxe3 Rf8 24. Re4 Rf5 25. Kf2 c5 26. Ke3 h5 27. Ne5+ Kc7 28. dxc5 Rd1 29. Nd3 Rg5 30. Bxe6 Rxg2 31. Rh4 Rdd2 1/2-1/2

[Event "Budapest FS08 FM-C"]
[Site "Budapest"]
[Date "2005.08.08"]
[Round "3"]
[White "Papp, Jozsef"]
[Black "Boullu, Thomas"]
[Result "1/2-1/2"]
[WhiteElo "1916"]
[BlackElo "1992"]
[PlyCount "55"]
[EventDate "2005.08.06"]
[EventType "tourn"]
[EventRounds "11"]
[EventCountry "HUN"]
[SourceTitle "CBM 107 Extra"]
[Source "ChessBase"]
[SourceDate "2005.09.01"]
[SourceVersion "1"]
[SourceVersionDate "2005.09.01"]
[SourceQuality "1"]

1. Nf3 d5 2. d4 Nf6 3. e3 e6 4. a3 Be7 5. Bd3 0-0 6. Nbd2 c5 7. b3 Nbd7 8. Bb2 b6 9. 0-0 Bb7 10. Qe2 Ne4 11. Ne1 f5 12. f3 Nxd2 13. Qxd2 Bd6 14. g3 e5 15. f4 e4 16. Be2 Nf6 17. Ng2 Be7 18. Rad1 Qe8 19. dxc5 Bxc5 20. b4 Be7 21. Qd4 Qf7 22. c4 Rac8 23. Rc1 Ba6 24. b5 Bb7 25. cxd5 Bxd5 26. Rxc8 Rxc8 27. Rc1 Rxc1+ 28. Bxc1 1/2-1/2